AP US History Test - Statistics

General Stats
  • This quiz has been taken 32 times
  • The average score is 3 of 13
Answer Stats
Year Event % Correct
2001 9/11
77%
1914 - 1918 World War I
53%
1941 - 1945 World War II
53%
1929 - 1939 Great Depression
43%
2008 Barack Obama
13%
1776 Declaration of Independece
7%
1861 - 1865 US Civil War
7%
1965 Voting Rights Act
7%
1920 19th Amendment
3%
1989 / 1991 Fall of Berlin Wall and USSR
3%
2021 Afghanistan
0%
1492 Colombus arrive in America
0%
1890 Immigration Peak
0%
No matching quizzes found
Score Distribution
Percent of People with Each Score
Percentile by Number Answered
Your Score History
You have not taken this quiz